Statistics for Phoebe Tonkin Filmography

Click here to take the quiz!

General Stats

  • This quiz has been taken 8 times
    (7 since last reset)
  • The average score is 3 of 16

Answer Stats

YearRoleTV/ Movie% Correct
2006-2010CleoH2O Just add water
71%
2013-2018Hayley MarshallThe Originals
71%
2011-2012Faye ChamberlainThe Secret Circle
43%
2012JaimieBait
29%
2012-2013Hayley MarshallThe Vampire Diaries
29%
2019Young GwenBloom
14%
2017SonjaPillow Talk
14%
2015Nicole ClarkStalker
14%
2010Fiona MaxwellTomorrow, When the War Began
14%
2016Amy TiltonBillionaire Ransom
0%
2016MotherCul-de-Sac
0%
2010Adrian HallHome and Away
0%
2009-2010LexiPacked to the Rafters
0%
2018Olivia GallagherSafe Harbour
0%
2018DelphineThe Affair
0%
2014mabelThe Ever After
0%

Score Distribution

Percentile by Number Answered

Percent of People with Each Score

Your Score History

You have not taken this quiz since the last reset